|
|
|
|
| LEADER |
01218nam a2200301 a 4500 |
| 001 |
27491 |
| 003 |
BD-DhAAL |
| 005 |
20150206113819.0 |
| 008 |
130923r19951985enka b 001 0 eng |
| 010 |
|
|
|a 85047879
|
| 020 |
|
|
|a 0521309328
|
| 020 |
|
|
|a 0521313910 (pbk.)
|
| 040 |
|
|
|a DLC
|c DLC
|d DLC
|d BD-DhAAL
|
| 050 |
0 |
0 |
|a QC176
|b .B63 1985
|
| 082 |
0 |
0 |
|a 530.4/1
|2 19
|
| 999 |
|
|
|c 13999
|d 13999
|
| 999 |
|
|
|c 13999
|
| 100 |
1 |
|
|a Blakemore, J. S.
|q (John Sydney),
|d 1927-
|9 3186
|
| 245 |
1 |
0 |
|a Solid state physics /
|c J.S. Blakemore.
|
| 250 |
|
|
|a 2nd ed.
|
| 260 |
|
|
|a Cambridge [Cambridgeshire] ;
|a New York :
|b Cambridge University Press,
|c 1985. [Reprinted 2005]
|
| 300 |
|
|
|a x, 506 p. :
|b ill. ;
|c 26 cm.
|
| 504 |
|
|
|a Includes bibliographies and indexes.
|
| 541 |
|
|
|e 27491
|
| 650 |
|
0 |
|a Solid state physics.
|9 3187
|
| 942 |
|
|
|2 ddc
|c BK
|
| 952 |
|
|
|0 0
|1 0
|2 ddc
|4 0
|6 530_410000000000000_BLA
|7 0
|9 23453
|a BRACUL
|b BRACUL
|c GEN
|d 2013-09-23
|e Trim Education
|g 2975.00
|l 4
|m 22
|o 530.41 BLA
|p 3010027491
|r 2025-10-26
|s 2025-05-22
|t 1
|w 2013-09-23
|y BK
|
| 952 |
|
|
|0 0
|1 0
|2 ddc
|4 0
|6 530_410000000000000_BLA
|7 0
|9 23573
|a BRACUL
|b BRACUL
|c GEN
|d 2013-10-01
|e Trim Education
|g 7975.00
|l 6
|m 12
|o 530.41 BLA
|p 3010027617
|r 2026-01-18
|s 2025-11-02
|t 2
|w 2013-10-01
|y BK
|